| 000 | 00577nam a2200169 i 4500 | ||
|---|---|---|---|
| 001 | 159206 | ||
| 003 | ES-MaACL | ||
| 005 | 20230906211504.0 | ||
| 008 | 040908s1857 fr |||| | fre d | ||
| 040 |
_aCAM _bspa _cCAM |
||
| 100 | 1 |
_aMaurin, Léonce. _9129745 |
|
| 245 | 1 | 0 |
_aTullia _b: étude de l'antiquité / _cpar Léonce Maurin. |
| 260 |
_aNimes : _b[s.n.], _c1857 ( _fTypographie C. Durand-Belle) |
||
| 300 |
_a131 p. ; _c23 cm. |
||
| 600 | 1 | 4 |
_aTullia. _9164331 |
| 852 |
_aES-MaACL _jT-185-F-2 _z-- Enc. hol. _q-- Falto de la cub. original _z-- Enc. en un vol. facticio |
||
| 999 |
_c159206 _d159206 |
||